| 000 | 01194nam a22002657a 4500 | ||
|---|---|---|---|
| 001 | 1485 | ||
| 005 | 20240906144209.0 | ||
| 020 | _a9789924340386 | ||
| 040 |
_aFISKH _beng _cFISKH _dFISKH |
||
| 082 | _a635.62 | ||
| 100 | _aSothi, Hok | ||
| 245 | _aការដាំល្ពៅ / | ||
| 260 |
_aPhnom Penh : _bSipar, _c2018. |
||
| 300 |
_aPhnom Penh : _bSipar, _c2021. |
||
| 490 | _aបំណិនជីវិត | ||
| 505 | _aZ' | ||
| 520 | _aបង្ហាញពីរបៀបរៀបចំរោង ការបណ្ដុះកូន រហូតដល់ការប្រមូលផល និងមានវិធីធ្វើម្ហូប សាមញ្ញៗពីក្ដឹបឪឡឹក សម្រាប់បរិភោគក្នុងគ្រួសារ។ | ||
| 520 | _aDemonstrate how to prepare the house, grow small pumpkin until harvest and have simple recipes from pumpkin for family consumption. | ||
| 521 |
_a1120
_bLexile estimate |
||
| 521 |
_aZ'
_bRaz-Plus |
||
| 650 |
_aរោង _vប្រមូលផល _xម្ហូប |
||
| 650 |
_aHouse _vHarvest _xFood |
||
| 700 |
_aSinat, Sin _cillustrator |
||
| 942 |
_2ddc _cBK _n0 |
||
| 999 |
_c1485 _d1485 |
||